|
|
|
|
| LEADER |
00000nab a2200000 a 4500 |
| 001 |
vtls000657312 |
| 003 |
SK-MaSNL |
| 005 |
20260302183151.0 |
| 008 |
140302c1998 xo 0 slo |
| 015 |
|
|
|a SNBRA1998/04-08717
|
| 035 |
|
|
|a CLN000009504
|
| 040 |
|
|
|a SNKBUCL
|b slo
|c SNKBUCL
|e AACR2
|
| 041 |
0 |
|
|a slo
|
| 044 |
|
|
|a xo
|c SK
|
| 080 |
|
|
|a 614.258(437.6):061.3
|2 1997
|
| 100 |
0 |
|
|a (zj)
|4 aut
|9 896377
|
| 245 |
1 |
0 |
|a Za etiku prostredia, proti finančnému kolapsu
|b závery z mimoriadneho Valného zhromaždenia SLK a ASL
|c [autor] (zj)
|
| 610 |
2 |
7 |
|a Slovenská lekárska komora
|2 snkbucl
|9 15463
|
| 610 |
|
7 |
|a Asociácia súkromných lekárov Slovenskej republiky
|2 snkbucl
|9 16592
|
| 655 |
|
7 |
|a články z novín a časopisov
|2 snkbucl
|9 267496
|
| 773 |
0 |
|
|t Zdravotnícke noviny
|g Roč. 3, č. 14 (1998), s. 1 a 5
|
| 850 |
|
|
|a Slovenská národná knižnica v Martine
|
| 852 |
|
|
|a SNK
|b KIS3GCP
|
| 992 |
|
|
|a RBX
|
| 999 |
|
|
|c 1420719
|d 1422649
|